La imagen de la naturaleza en la física actual
Zapisane w:
| 1. autor: | |
|---|---|
| Format: | Książka |
| Język: | hiszpański |
| Wydane: |
Madrid
Orbis
1985
|
| Seria: | Biblioteca de Divulgación Científica
|
| Hasła przedmiotowe: | |
| Etykiety: |
Dodaj etykietę
Nie ma etykietki, Dołącz pierwszą etykiete!
|
MARC
| LEADER | 00000nam a2200000 a 4500 | ||
|---|---|---|---|
| 001 | UCH3098 | ||
| 003 | CL-VaPUC | ||
| 008 | 090715e19850000SP |||||||||||||||||spa|d | ||
| 020 | |a 847634001X | ||
| 082 | 0 | 4 | |a 501 |b HEI |2 21 |
| 100 | |a Heisenberg, Werner, |d 1901-1976 |e author |9 497523 | ||
| 245 | 1 | 3 | |a La imagen de la naturaleza en la física actual |
| 300 | |a 152 p | ||
| 942 | |c BK | ||
| 945 | |d 20090715 00:00:00 |a rbrito | ||
| 260 | |a Madrid |b Orbis |c 1985 | ||
| 650 | 0 | |a Filosofía de las ciencias |9 256466 | |
| 650 | 0 | |a Física |9 227844 | |
| 650 | 0 | |a Ciencias naturales |9 260542 | |
| 650 | 0 | |a Universo |9 266563 | |
| 650 | 0 | |a Cosmología |9 269138 | |
| 583 | |a last modification |c 20090715 00:00:00 |k Rodrigo Vera | ||
| 490 | 0 | |a Biblioteca de Divulgación Científica | |
| 999 | |c 334736 |d 334734 | ||
| 952 | |0 0 |1 0 |2 ddc |4 0 |6 501_000000000000000_HEI_1985 |7 0 |8 A |9 423882 |a BIBCUR |b BIBCUR |c PAC |d 2019-11-22 |i 4528395 |o 501 HEI 1985 |p 4528395 |r 2025-04-22 |w 2019-11-22 |y BK |k FIS | ||
| 952 | |0 0 |1 0 |4 0 |6 501_000000000000000_HEI_1985 |7 0 |8 A |9 423883 |a BIBCUR |b BIBCUR |d 2019-11-22 |i 4529006 |l 1 |o 501 HEI 1985 |p 4529006 |r 2025-04-22 |s 2024-08-20 |w 2019-11-22 |y BK |k FIS | ||